Catalog

Record Details

Catalog Search



The Answer-To Happiness, Health, and Fulfillment in Life : The Holy Bible. A translation for our time with selected writings by leading inspirational authors Cover Image Book Book

The Answer-To Happiness, Health, and Fulfillment in Life : The Holy Bible. A translation for our time with selected writings by leading inspirational authors Billy Hraham, Robert Schuller, Chaterine Marshall, James Dobson, Pat Robinson

Kolektiv (Author).

Record details

  • ISBN: 0-8499-5050-3
  • Physical Description: 1262 p.
  • Edition: New century version
  • Publisher: Dallas, London, Vancouver, Melbourne World Bibles 1993

Available copies

  • 1 of 1 copy available at Common Catalog SPOK.

Holds

  • 0 current holds with 1 total copy.
Show Only Available Copies
Location Call Number / Copy Notes Barcode Shelving Location Status Due Date
ETS Library 220.5208 424470013116 Volný výběr Available -

LDR 00897nam a2 00253
00133756
003CZ-PrJAB
00520140222000000.0
008140222s1993 xxu e |||| |eng
009us
020 . ‡a0-8499-5050-3
035 . ‡a(CONS)315
035 . ‡aKPS14110
040 . ‡aABG450
041 . ‡aeng
08214. ‡a220.5208
100 . ‡aKolektiv
245 . ‡aThe Answer-To Happiness, Health, and Fulfillment in Life : ‡bThe Holy Bible. A translation for our time with selected writings by leading inspirational authors ‡cBilly Hraham, Robert Schuller, Chaterine Marshall, James Dobson, Pat Robinson
250 . ‡aNew century version
260 . ‡aDallas, London, Vancouver, Melbourne ‡bWorld Bibles ‡c1993
300 . ‡a1262 p.
653 . ‡aThe Answer-To Happiness, Health, and Fulfillment in Life
8524 . ‡bETS ‡bETS ‡cVolný výběr ‡j220.5208 ‡gA ‡p424470013116
910 . ‡aABG450
999 . ‡a315 ‡bAUTOGEN ‡c315 ‡tbiblio
905 . ‡uadmin
901 . ‡a33756 ‡b ‡c33756 ‡tbiblio ‡sets

Additional Resources